Score 0/13 Timer 02:00
0 Plays Today
Clue 4-Letter Word % Correct
Iron pyrite: ___'s GoldFOOL
96.4%
'___ Time': 'Home Improvement' show-within-a-showTOOL
93.6%
A baseball hit out of the field of playFOUL
92.5%
Fee paid to use a turnpikeTOLL
92.2%
Don Cornelius' '___ Train'SOUL
70.6%
Sol, La, or Ti, e.g.NOTE
68.7%
Daniel Defoe's '___ Flanders'MOLL
64.3%
A small insectivore or 6.022 x 1023 thingsMOLE
63.9%
NBA's or 'Gossip Girl's ArchibaldNATE
62.8%
MLB team in DC, for shortNATS
59.4%
A tiny particle or bit of dustMOTE
54.5%
'From [First Rung] to [Last Rung]': An expression meaning a complete meal or everythingSOUP
29.6%
'From [First Rung] to [Last Rung]': An expression meaning a complete meal or everythingNUTS
19.4%

Today's Daily Dose

Missing Word
Boxers

Quick Pick
Rise or Fall?

Get the Picture
A ‘B’ in Disney

You're not logged in!

Compare scores with friends on all Sporcle quizzes.
OR
Log In

Sporcle TV

Today on Sporcle TV


Watch our educational content, quiz creation guides, and fun videos on Sporcle TV.

Show Comments

Extras

Top Quizzes Today


Score Distribution

Paid Content

Your Account Isn't Verified!

In order to create a playlist on Sporcle, you need to verify the email address you used during registration. Go to your Sporcle Settings to finish the process.

Report this User

Report this user for behavior that violates our Community Guidelines.

Details: